Catálogo
 En Linea

Cuba : A Journey / (Registro nro. 42458)

Detalles MARC
000 -CABECERA
campo de control de longitud fija 00563nam a2200181 a 4500
001 - NÚMERO DE CONTROL
campo de control 000042969
005 - FECHA Y HORA DE LA ÚLTIMA TRANSACCIÓN
campo de control 20201002040534.0
008 - DATOS DE LONGITUD FIJA--INFORMACIÓN GENERAL
campo de control de longitud fija 140213s1990 nyu 000 0 spa d
020 ## - NÚMERO INTERNACIONAL ESTÁNDAR DEL LIBRO
Número Internacional Estándar del Libro 0394539109
040 ## - FUENTE DE LA CATALOGACIÓN
Centro catalogador/agencia de origen DO-SdBNP
Lengua de catalogación spa
Centro/agencia transcriptor BNPHU
082 ## - NÚMERO DE LA CLASIFICACIÓN DECIMAL DEWEY
Número de clasificación xxxx
Número de documento/Ítem xxxx
100 1# - ENTRADA PRINCIPAL--NOMBRE DE PERSONA
Nombre de persona Timerman, Jacobo
9 (RLIN) 70463
240 #0 - TÍTULO UNIFORME
Título uniforme Cuba hoy, y después.
Lenguaje de la obra Español
245 10 - MENCIÓN DE TÍTULO
Título Cuba : A Journey /
Mención de responsabilidad, etc. Jacobo Timerman ; translated from the spanish by Toby Talbot.
260 ## - PUBLICACIÓN, DISTRIBUCIÓN, ETC.
Lugar de publicación, distribución, etc. New York :
Nombre del editor, distribuidor, etc. Alfred A. Knopf,
Fecha de publicación, distribución, etc. 1990.
300 ## - DESCRIPCIÓN FÍSICA
Extensión 125 cm. ;
Dimensiones 22 cm.
700 12 - PUNTO DE ACCESO ADICIONAL--NOMBRE DE PERSONA
Nombre de persona Talbot, Toby
Término indicativo de función/relación tr.
9 (RLIN) 65815
Existencias
Estado de retiro Estado de pérdida Restricciones de uso No para préstamo Código de colección Localización permanente Ubicación/localización actual Ubicación en estantería Fecha de adquisición Número de inventario Total de préstamos Signatura topográfica completa Código de barras Fecha visto por última vez Precio válido a partir de Tipo de ítem Koha
      Excluido de préstamo Monografías: Libros y Folletos General General En catalogación 13.02.2014 LF1   xxxx xxxx 42969-10 25.06.2020 25.06.2020 No se presta

Con tecnología Koha